000 00682nam a22002177a 4500
003 UA-OsUOA
001 106174
007 ta
008 20140505b un ||||| |||| 00| 0 ukr d
100 _aЄфремов В.
090 _a330
_bЕ99
942 _cSA
040 _aUA-OsUOA
_bukr
_cUA-OsUOA
_dUA-OsUOA
245 _aТрудова діяльність людини як об'єкт дослідення маркзизмом та фізичною економікою
300 _aС.46
955 _a0
041 _aukr
080 _a330
773 0 _w106173
_tУкраїна: аспекти праці
_dК.
_d2014
_g2
650 7 _a330 Економіка взагалі
_2UDC
999 _c392305
_d392305